Baby Pokemon - Statistics

General Stats
  • This quiz has been taken 37 times
  • The average score is 15 of 19
Answer Stats
Region Answer % Correct
Johto Pichu
92%
Johto Cleffa
88%
Johto Elekid
88%
Johto Igglybuff
88%
Johto Magby
88%
Sinnoh Riolu
85%
Johto Smoochum
81%
Johto Togepi
81%
Hoenn Azurill
77%
Sinnoh Happiny
77%
Sinnoh Munchlax
77%
Hoenn Wynaut
77%
Sinnoh Budew
73%
Sinnoh Mantyke
73%
Sinnoh Mime Jr
73%
Johto Tyrogue
69%
Sinnoh Bonsly
65%
Galar Toxel
65%
Sinnoh Chingling
62%
No matching quizzes found
Score Distribution
Percent of People with Each Score
Percentile by Number Answered
Your Score History
You have not taken this quiz